| 000 | 00488nam a22001697a 4500 | ||
|---|---|---|---|
| 003 | CEME | ||
| 005 | 20210628203956.0 | ||
| 008 | 210308b xxu||||| |||| 00| 0 eng d | ||
| 020 | _a87762-485-2 | ||
| 040 | _c. | ||
| 082 | _a620.118 PRO'T | ||
| 100 |
_aTechnomic _968101 |
||
| 245 | _aProceedings of the american society for composites , first technical conference oct 7-9, 1986 marriotic hotel dayton, ohio | ||
| 260 |
_aBASEL _bTECHNOMIC _c1986 |
||
| 300 | _a491P | ||
| 942 |
_cBK _2ddc |
||
| 999 |
_c575747 _d575747 |
||